A nest of vipers. #21 / Andrea Camilleri ; ... Read More
Available copies
- 2 of 2 copies available at LARL/NWRL Consortium.
- 2 of 2 copies available at Lake Agassiz Regional Library. (Show preferred library)
Current holds
0 current holds with 2 total copies.
Show All Copies
| Location | Call Number / Copy Notes | Barcode | Shelving Location | Status | Due Date |
|---|---|---|---|---|---|
| Crookston Public Library | M CAM (Text) | 33500012553186 | Main | Available | - |
| Moorhead Public Library | M CAM (Text) | 33500012553178 | Main | Available | - |
Record details
- ISBN: 9780143126652
- ISBN: 0143126652
- Physical Description: pages cm.
- Publisher: New York, New York : Penguin Books, [2017]
Content descriptions
| Summary, etc.: | "Montalbano investigates the death of the wealthy ... Read More |
Search for related items by subject
| Subject: | Montalbano, Salvo (Fictitious character) > Fiction. FICTION > Mystery & Detective > General. FICTION > Suspense. Montalbano, Salvo (Fictitious character) |
| Genre: | Fiction. Mystery fiction. Suspense fiction. |
Search for related items by series
| LDR | 02013cam a22005058i 4500 | ||
|---|---|---|---|
| 001 | 255266 | ||
| 003 | LARL_NWRL_CONSORTIUM | ||
| 005 | 20170814185342.0 | ||
| 008 | 170322s2017 nyu 000 1 eng | ||
| 010 | . | ‡a 2016058256 | |
| 040 | . | ‡aDLC ‡beng ‡erda ‡cDLC ‡dYDX ‡dBDX ‡dBTCTA ‡dOCLCQ ‡dOCLCF ‡dOCLCQ | |
| 019 | . | ‡a962548132 | |
| 020 | . | ‡a9780143126652 ‡q(paperback) | |
| 020 | . | ‡a0143126652 ‡q(paperback) | |
| 035 | . | ‡a(OCoLC)962351099 ‡z(OCoLC)962548132 | |
| 041 | 1 | . | ‡aeng ‡hita |
| 042 | . | ‡apcc | |
| 082 | 0 | 0. | ‡a853/.914 ‡223 |
| 084 | . | ‡aFIC022000 ‡aFIC030000 ‡2bisacsh | |
| 100 | 1 | . | ‡aCamilleri, Andrea, ‡eauthor. ‡0(LARL_NWRL_CONSORTIUM)63623 |
| 240 | 1 | 0. | ‡aCovo di vipere. ‡lEnglish |
| 245 | 1 | 2. | ‡aA nest of vipers. ‡n#21 / ‡cAndrea Camilleri ; translated by Stephen Sartarelli. |
| 264 | 1. | ‡aNew York, New York : ‡bPenguin Books, ‡c[2017] | |
| 300 | . | ‡apages cm. | |
| 336 | . | ‡atext ‡btxt ‡2rdacontent | |
| 337 | . | ‡aunmediated ‡bn ‡2rdamedia | |
| 338 | . | ‡avolume ‡bnc ‡2rdacarrier | |
| 490 | 0 | . | ‡aInspector Montalbano ; ‡v21 |
| 520 | . | ‡a"Montalbano investigates the death of the wealthy Cosimo Barletta in a case that involves a ring of mistresses and family secrets"-- ‡cProvided by publisher. | |
| 600 | 1 | 0. | ‡aMontalbano, Salvo ‡c(Fictitious character) ‡vFiction. |
| 650 | 7. | ‡aFICTION ‡xMystery & Detective ‡xGeneral. ‡2bisacsh | |
| 650 | 7. | ‡aFICTION ‡xSuspense. ‡2bisacsh | |
| 600 | 1 | 7. | ‡aMontalbano, Salvo ‡c(Fictitious character) ‡2fast |
| 655 | 7. | ‡aFiction. ‡2fast | |
| 655 | 7. | ‡aMystery fiction. ‡2gsafd | |
| 655 | 7. | ‡aSuspense fiction. ‡2gsafd | |
| 700 | 1 | . | ‡aSartarelli, Stephen, ‡d1954- ‡etranslator. ‡0(LARL_NWRL_CONSORTIUM)96976 |
| 776 | 0 | 8. | ‡iOnline version: ‡aCamilleri, Andrea. ‡tNest of vipers. ‡dNew York, New York : Penguin Books, [2017] ‡z9780698169715 ‡w(DLC) 2017014196 |
| 905 | . | ‡uvanderl | |
| 901 | . | ‡a255266 ‡b ‡c255266 ‡tbiblio ‡soclc | |

Add to basket
Permalink
Enable Highlighting